| 000 | 00865nam a2200265 a 4500 | ||
|---|---|---|---|
| 001 | 64144 | ||
| 003 | BD-RjUL | ||
| 005 | 20211209081257.0 | ||
| 008 | 170209s1951 enk 001 0 eng | ||
| 035 | _a(BD-RjUL)64274 | ||
| 040 |
_aDLC _cFM _dBD-RjUL _beng |
||
| 041 | _aeng | ||
| 082 |
_a940.1 _223 _bPRH 1951 |
||
| 100 | 1 |
_aPrevité-Orton, C. W. _q(Charles William), _d1877-1947. _9190513 |
|
| 245 | 1 | 2 |
_aA history of Europe from 1198 to 1378 / _cC. W. Previtʹe-Orton |
| 250 | _a3rd ed. | ||
| 260 |
_aLondon : _bMethuen & co., ltd., _c1951. |
||
| 300 |
_axv, 464 p. : _bill. ; _c23 cm. |
||
| 490 | 0 | _aMethuen's history of medieval and modern Europe, 3. | |
| 500 | _aIncludes index | ||
| 651 | 0 |
_aEurope _xHistory _y476-1492. _9188623 |
|
| 830 |
_aMethuen's history of medieval and modern Europe, 3. _9190514 |
||
| 942 |
_2ddc _cBK |
||
| 999 |
_c64144 _d64144 |
||